Quiz NBA #2 - Statistiques

Statistiques générales
  • Ce quiz a été pris 18 fois
  • Le résultat moyen est 7 sur 15
Statistiques - réponses
Hint Réponse % Correct
Quel joueur a remporté un titre NBA avec trois franchises différentes en tant que joueur majeur ? LeBron James
93%
Quel joueur NBA a été drafté directement depuis le lycée en 2003 en numéro 1 ? LeBron James
93%
Quel pays (hors États-Unis) a fourni le plus de joueurs NBA dans l’histoire ? Canada
80%
Quelle équipe a réalisé la meilleure saison régulière de l’histoire ? Golden State Warriors
73%
Quelle équipe a remporté le titre NBA lors de la bulle d’Orlando (2020) ? Los Angeles Lakers
67%
Quel joueur est surnommé “The Answer” ? Allen Iverson
60%
Quelle franchise de la Conférence Est n’a jamais joué une finale NBA ? Les Charlotte Hornets
53%
Quel joueur des Houston Rockets a réussi un quadruple-double officiel en incluant les contres ? Hakeem Olajuwon
47%
Quel joueur est le seul à avoir été élu Finals MVP sans appartenir à l’équipe championne ? Jerry West
40%
En quelle année la NBA a-t-elle intégré la ligne à 3 points ? 1979
33%
Quel joueur NBA a été drafté en dernier choix (60e) avant de devenir MVP ? Nikola Jokić
33%
Quel coach détient le record du plus grand nombre de victoires en saison régulière ? Don Nelson
7%
Quelle franchise a changé le plus souvent de ville dans son histoire ? Sacramento Kings
7%
Quel est le plus jeune joueur à avoir marqué 50 points en NBA ? Brandon Jennings
0%
Quel joueur détient le record du plus grand nombre de minutes jouées sur un seul match NBA ? Dale Ellis
0%
Aucun quiz correspondant
Distribution des résultats
% des personnes avec chaque résultat
Percentile par nombre de réponses
Votre historique - résultats
Vous n’avez pas pris ce quiz